<?xml version="1.0" encoding="UTF-8"?>
<record
    xmlns:xsi="http://www.w3.org/2001/XMLSchema-instance"
    xsi:schemaLocation="http://www.loc.gov/MARC21/slim http://www.loc.gov/standards/marcxml/schema/MARC21slim.xsd"
    xmlns="http://www.loc.gov/MARC21/slim">

  <leader>01776cam a2200349 a 4500</leader>
  <controlfield tag="001">0000000246</controlfield>
  <controlfield tag="005">20170406112503.0</controlfield>
  <controlfield tag="008">940718s1995    nyum     b   a001 0 eng</controlfield>
  <datafield tag="010" ind1=" " ind2=" ">
    <subfield code="a">   94030032</subfield>
  </datafield>
  <datafield tag="015" ind1=" " ind2=" ">
    <subfield code="a">GB95-76737</subfield>
  </datafield>
  <datafield tag="019" ind1=" " ind2=" ">
    <subfield code="a">33665360</subfield>
    <subfield code="a">60245025</subfield>
    <subfield code="a">123464863</subfield>
  </datafield>
  <datafield tag="020" ind1=" " ind2=" ">
    <subfield code="a">0195068025 (acid-free paper)</subfield>
  </datafield>
  <datafield tag="020" ind1=" " ind2=" ">
    <subfield code="a">9780195068023 (acid-free paper)</subfield>
  </datafield>
  <datafield tag="035" ind1=" " ind2=" ">
    <subfield code="a">(OCoLC)30970604</subfield>
  </datafield>
  <datafield tag="040" ind1=" " ind2=" ">
    <subfield code="a">DLC</subfield>
    <subfield code="b">eng</subfield>
    <subfield code="c">DLC</subfield>
    <subfield code="d">UKM</subfield>
    <subfield code="d">BAKER</subfield>
    <subfield code="d">UKV3G</subfield>
    <subfield code="d">NLGGC</subfield>
    <subfield code="d">BTCTA</subfield>
    <subfield code="d">YDXCP</subfield>
    <subfield code="d">NYDWH</subfield>
    <subfield code="d">GEBAY</subfield>
    <subfield code="d">EXW</subfield>
    <subfield code="d">BDX</subfield>
    <subfield code="d">OCLCO</subfield>
  </datafield>
  <datafield tag="043" ind1=" " ind2=" ">
    <subfield code="a">n-us---</subfield>
    <subfield code="a">e-ur---</subfield>
  </datafield>
  <datafield tag="050" ind1="0" ind2="0">
    <subfield code="a">E183.8.S65</subfield>
    <subfield code="b">M373 1995</subfield>
  </datafield>
  <datafield tag="082" ind1="0" ind2="0">
    <subfield code="a">327.73047</subfield>
    <subfield code="2">20</subfield>
  </datafield>
  <datafield tag="100" ind1="1" ind2=" ">
    <subfield code="a">Mayers, David Allan,</subfield>
    <subfield code="d">1951-.</subfield>
  </datafield>
  <datafield tag="245" ind1="1" ind2="4">
    <subfield code="a">The ambassadors and America's Soviet policy /</subfield>
    <subfield code="c">David Mayers.</subfield>
  </datafield>
  <datafield tag="260" ind1=" " ind2=" ">
    <subfield code="a">New York :</subfield>
    <subfield code="b">Oxford University Press,</subfield>
    <subfield code="c">1995.</subfield>
  </datafield>
  <datafield tag="300" ind1=" " ind2=" ">
    <subfield code="a">viii, 335 p. :</subfield>
    <subfield code="b">ill. ;</subfield>
    <subfield code="c">24 cm.</subfield>
  </datafield>
  <datafield tag="504" ind1=" " ind2=" ">
    <subfield code="a">Includes bibliographical references (p. 307-322) and index.</subfield>
  </datafield>
  <datafield tag="505" ind1="0" ind2="0">
    <subfield code="t">United States Chiefs of Mission in St. Petersburg and Moscow --</subfield>
    <subfield code="t">Before Moscow --</subfield>
    <subfield code="t">St. Petersburg and the U.S. Diplomatic Tradition --</subfield>
    <subfield code="t">From Comity to Estrangement --</subfield>
    <subfield code="t">War and Revolution --</subfield>
    <subfield code="t">In Stalin's Time --</subfield>
    <subfield code="t">Preparing for Moscow --</subfield>
    <subfield code="t">Purges and the Failure of Collective Security --</subfield>
    <subfield code="t">Fragile Coalition --</subfield>
    <subfield code="t">Neither War Nor Peace --</subfield>
    <subfield code="t">Great Power Rivalry --</subfield>
    <subfield code="t">After Stalin --</subfield>
    <subfield code="t">Controlled Rivalry --</subfield>
    <subfield code="t">Collapse and the Art of Diplomacy.</subfield>
  </datafield>
  <datafield tag="650" ind1=" " ind2="0">
    <subfield code="a">Ambassadors</subfield>
    <subfield code="z">United States</subfield>
    <subfield code="x">History</subfield>
    <subfield code="y">20th century.</subfield>
  </datafield>
  <datafield tag="650" ind1=" " ind2="0">
    <subfield code="a">Ambassadors</subfield>
    <subfield code="z">Soviet Union</subfield>
    <subfield code="x">History.</subfield>
  </datafield>
  <datafield tag="651" ind1=" " ind2="0">
    <subfield code="a">United States</subfield>
    <subfield code="x">Foreign relations</subfield>
    <subfield code="z">Soviet Union.</subfield>
  </datafield>
  <datafield tag="651" ind1=" " ind2="0">
    <subfield code="a">Soviet Union</subfield>
    <subfield code="x">Foreign relations</subfield>
    <subfield code="z">United States.</subfield>
  </datafield>
  <datafield tag="908" ind1=" " ind2=" ">
    <subfield code="a">131008</subfield>
  </datafield>
  <datafield tag="913" ind1=" " ind2=" ">
    <subfield code="a">N</subfield>
  </datafield>
  <datafield tag="989" ind1=" " ind2="7">
    <subfield code="a">ambassadors_and_americas_soviet_policy___________________________1995335____oxa_______________________________</subfield>
  </datafield>
  <datafield tag="999" ind1=" " ind2=" ">
    <subfield code="c">215</subfield>
    <subfield code="d">215</subfield>
  </datafield>
  <datafield tag="952" ind1=" " ind2=" ">
    <subfield code="0">0</subfield>
    <subfield code="1">0</subfield>
    <subfield code="2">lcc</subfield>
    <subfield code="4">0</subfield>
    <subfield code="7">0</subfield>
    <subfield code="a">HRE</subfield>
    <subfield code="b">HRE</subfield>
    <subfield code="c">GEN</subfield>
    <subfield code="d">2017-04-06</subfield>
    <subfield code="l">0</subfield>
    <subfield code="o">E 183.8S65M373 MAY</subfield>
    <subfield code="p">BK0000297</subfield>
    <subfield code="r">2025-05-22</subfield>
    <subfield code="w">2017-04-06</subfield>
    <subfield code="y">OS</subfield>
  </datafield>
</record>
